| 000 | 00511nam a2200193Ia 4500 | ||
|---|---|---|---|
| 003 | GCL | ||
| 008 | 140319s9999 xx 000 0 ara d | ||
| 040 |
_aGCL / _cGCL |
||
| 082 | 0 | 4 |
_a618.92 _bا د |
| 100 | 1 | _aانطوان عبيد | |
| 245 | 1 | 0 |
_aدليلك بصحة ولدك / _cانطوان عبيد |
| 260 |
_a[S.N] : _bدار الجيل ، _c1989 |
||
| 300 | _a576 ص | ||
| 490 | _a | ||
| 650 | 0 | 4 | _aالاطفال |
| 650 | 0 | 4 | _aامراض |
| 650 | 0 | 4 | _aالعناية الصحية |
| 942 |
_2ddc _cBK |
||
| 999 |
_c55039 _d55039 |
||